Movies Quiz

Random Movies Quiz

2014 Movies with No Faces Quiz Stats

 Plays Quiz not verified by Sporcle

Score 0/20 Timer 05:00
0 Plays Today
% Correct
Fury
76.3%
American Sniper
71%
The Hobbit: The Battle of the Five Armies
69.2%
Whiplash
65.1%
The Imitation Game
63.3%
Dawn of the Planet of the Apes
59.2%
Birdman
46.2%
Interstellar
45%
Captain America: The Winter Soldier
44.4%
The Grand Budapest Hotel
44.4%
% Correct
Into the Woods
41.4%
Big Hero 6
39.6%
The Lego Movie
38.5%
The Interview
35.5%
Gone Girl
32.5%
Edge of Tomorrow
32%
Nightcrawler
20.1%
Horrible Bosses 2
14.2%
Guardians of the Galaxy
11.8%
Dumb and Dumber To
8.3%

You're not logged in!

Compare scores with friends on all Sporcle quizzes.
Join for Free
OR
Log In

You Might Also Like...

Show Comments

Extras

Created Jan 28, 2015ReportNominate
Tags:2014, face, Slideshow

Top Quizzes Today


Score Distribution

Your Account Isn't Verified!

In order to create a playlist on Sporcle, you need to verify the email address you used during registration. Go to your Sporcle Settings to finish the process.

Report this User

Report this user for behavior that violates our Community Guidelines.

Details: